Statistics for Nunavut - On a Map!

Click here to take the quiz!

General Stats

  • This quiz has been taken 250 times
  • The average score is 6 of 14

Answers on the Map

Answers color-coded by a green-red scale on the quiz's map according to % correct below.
 

Answer Stats

HintAnswers% Correct
Island - largest in CanadaBaffin Island
92%
Island - northernmost in CanadaEllesmere Island
86%
Capital city - 7,740Iqaluit
82%
Island - split between Nunavut and Northwest TerritoriesVictoria Island
77%
Passage through the Canadian ArcticNorthwest Passage
48%
Island - largest uninhabited island in the worldDevon Island
46%
Island - known for mummified forestsAxel Heiberg Island
32%
Hamlet - 2,842Rankin Inlet
28%
Moutain featuring earth's greatest vertical drop - elevation: 1,675 mMount Thor
27%
Island - only place in Nunavut not to use Daylight Savings TimeSouthampton Island
27%
Hamlet - 2,069Baker Lake
25%
Hamlet - 1,766Cambridge Bay
24%
Hamlet - 2,657Arviat
22%
Tallest mountain - elevation: 2,616 mBarbeau Peak
10%

Score Distribution

Percentile by Number Answered

Percent of People with Each Score

Your Score History

You have not taken this quiz